Teardrops - Bring Me the Horizon - Statistics

General Stats
  • This quiz has been taken 19 times
    8 since last reset
  • The average score is 266 of 292
Answer Stats
𓄼 % Correct
a
100%
Addicted
100%
away
100%
but
100%
can't
100%
dark
100%
edge
100%
emptiness
100%
everything
100%
feel
100%
for
100%
from
100%
fucked,
100%
fun,
100%
go
100%
god,
100%
going
100%
head
100%
hear
100%
hearts
100%
heavier
100%
how
100%
hurt
100%
I
100%
I'm
100%
is
100%
it
100%
kind
100%
know
100%
love
100%
makes
100%
me
100%
me,
100%
my
100%
Nothing
100%
numb
100%
of
100%
Oh
100%
our
100%
ourselves
100%
out,
100%
out
100%
paranoid,
100%
running
100%
sadder
100%
so
100%
So
100%
stops
100%
Teardrops
100%
teardrops,
100%
teardrops
100%
than
100%
The
100%
the
100%
thing
100%
think
100%
'til
100%
to
100%
wanna
100%
We
100%
we
100%
alone
75%
And
75%
as
75%
be
75%
coming
75%
fear
75%
got
75%
grip,
75%
guess
75%
if
75%
keep
75%
let
75%
lonely
75%
never
75%
on
75%
own
75%
slipping
75%
stressed
75%
this
75%
until
75%
you
75%
anti-christ
50%
down
50%
feels
50%
force-feed
50%
get
50%
halo,
50%
Lost
50%
mind
50%
state
50%
Suicidal,
50%
tragic
50%
tripping
50%
What
50%
High
25%
kite,
25%
now
25%
violent,
25%
how'd
0%
No matching quizzes found
Score Distribution
Percent of People with Each Score
Percentile by Number Answered
Your Score History
You have not taken this quiz since the last reset